Human rights as a source of inspiration and an instrument for the eradication of extreme poverty: the need for an intergrated economic, political and legal approach /
Na minha lista:
| Autor principal: | |
|---|---|
| Outros Autores: | |
| Formato: | Texto |
| Tags: |
Adicionar Tag
Sem tags, seja o primeiro a adicionar uma tag!
|
MARC
| LEADER | 00000 a a2200000 04500 | ||
|---|---|---|---|
| 001 | 43911 | ||
| 003 | |||
| 040 | |||
| 100 | |a Genugten, Willem J. M. van | ||
| 245 | |a Human rights as a source of inspiration and an instrument for the eradication of extreme poverty: |b the need for an intergrated economic, political and legal approach / |c Willem van Genugten y Camilo Perez-Bustillo | ||
| 700 | |a Perez-Bustillo, Camilo | ||
| 773 | |g páginas 184-204 | ||
| 999 | |c 21907 |d 21907 | ||
